| 000 | 00417nam a2200145Ia 4500 | ||
|---|---|---|---|
| 008 | 230917s9999||||xx |||||||||||||| ||und|| | ||
| 040 |
_e177235 _aMAIN |
||
| 041 | _aEnglish | ||
| 082 | _a891.431731 KR128V | ||
| 100 | _aकमला रत्नम | ||
| 245 | 0 | _aवहाँ सूरज नही चमकता | |
| 260 |
_aदिल्ली _bसन्मार्ग _c1985 |
||
| 300 | _a147 p. | ||
| 942 | _cHN | ||
| 999 |
_c48790 _d48790 |
||